MARC

LEADER 00000nam0a2200000 4500
001 193234
005 20231101224454.0
035 |a (RuTPU)RU\TPU\book\210745 
090 |a 193234 
100 |a 20110321d1973 m y0rusy50 ca 
101 0 |a rus 
102 |a RU 
105 |a ac z 000zy 
200 1 |a Покорение неба  |f Л. А. Гильберг 
205 |a 2-е изд., перераб. и доп. 
210 |a Москва  |c ДОСААФ СССР  |d 1973 
215 |a 384 с.  |c ил. 
606 1 |a Авиация  |2 stltpush  |3 (RuTPU)RU\TPU\subj\510  |9 29415 
606 1 |a Космонавтика  |2 stltpush  |3 (RuTPU)RU\TPU\subj\15890  |9 42093 
610 1 |a космос 
610 1 |a космические аппараты 
610 1 |a космическое пространство 
610 1 |a самолеты 
610 1 |a двигатели 
610 1 |a космические корабли 
610 1 |a ракетные двигатели 
610 1 |a вертолеты 
610 1 |a спутники 
675 |a 629.73  |v 3 
675 |a 629.78  |v 3 
700 1 |a Гильберг  |b Л. А.  |g Лев Абрамович 
801 1 |a RU  |b 63413507  |c 20110321 
801 2 |a RU  |b 63413507  |c 20111228  |g RCR 
942 |c BK